000 00611nam a2200241Ia 4500
003 OSt
005 20221005122756.0
006 a|||||r|||| 00| 0
007 ta
008 221004b |||||||| |||| 00| 0 mal d
024 _a55660
037 _cTextual
040 _aCRL
_cCRL
_bmal
041 _2mal
_amal
082 _aO32,1NKE,1, L5
100 _aKesavan Au.
_9631916
245 0 _aKarkkodakan
260 _c1975
650 _a MALAYALAM LITERATURE
_938866
650 _aMALAYALAM DRAMA
_9207189
942 _hO32,1NKE,1, L5
_cTEXL
_2cc
999 _c1045321
_d1045321